000 00606nam a2200217Ia 4500
005 20241216010016.0
008 180423s9999||||xx |||||||||||||| ||und||
082 _a331.024
_bT864
100 _aTIOKMAN, VICTOR Y OTROS
245 0 _aCRECIMIENTO, EMPLEO Y DESARROLLO SOCIAL
250 _a0
260 _aLIMA - PERU
_bCIUP
_c1996
300 _a171 pag.
_c21 cm
341 _h0
490 _v0
_a0
505 _aEMPLEO/CRECIMIENTO/DESARROLLO ECONOMICO Y SOCIAL/MERCADO DE
541 _aD
_bBIBLIOTECA NACIONAL DEL P
_d22-Jul-02
650 _aCIENCIAS SOCIALES
856 _zHumanidades
942 _cLIBRO
999 _c3091
_d3091